| 000 | 00429pab a2200145 454500 | ||
|---|---|---|---|
| 008 | 180718b1998-99 xxu||||| |||| 00| 0 eng d | ||
| 100 | _aApergis, Nicholas | ||
| 245 | _aExchange rate volatility and accounting for the impact of economic events: evidence from a GARCH model | ||
| 260 | _c1998-99 | ||
| 300 | _ap.110-15 | ||
| 362 | _aJan-Mar | ||
| 650 | _aExchange rates | ||
| 773 | _aIndian Economic Journal | ||
| 909 | _a40620 | ||
| 999 |
_c40620 _d40620 |
||